|
|
|
|
| LEADER |
00000cam a2200000 c 4500 |
| 001 |
215407423 |
| 003 |
DE-627 |
| 005 |
20260206200745.0 |
| 007 |
tu |
| 008 |
960917s1996 gw ||||| m 00| ||ger c |
| 015 |
|
|
|a 96,H11,0402
|2 dnb
|
| 016 |
7 |
|
|a 948607963
|2 DE-101
|
| 035 |
|
|
|a (DE-627)215407423
|
| 035 |
|
|
|a (DE-603)052661024
|
| 035 |
|
|
|a (DE-576)058194185
|
| 035 |
|
|
|a (DE-599)GBV215407423
|
| 035 |
|
|
|a (OCoLC)845266414
|
| 035 |
|
|
|a (OCoLC)312877523
|
| 035 |
|
|
|a (OCoLC)613733716
|
| 040 |
|
|
|a DE-627
|b ger
|c DE-627
|e rakwb
|
| 041 |
|
|
|a ger
|
| 044 |
|
|
|c XA-DE
|
| 084 |
|
|
|a 19
|a 17
|2 sdnb
|
| 084 |
|
|
|a PE 760
|2 rvk
|0 (DE-625)rvk/135556:
|
| 084 |
|
|
|a PH 3700
|2 rvk
|0 (DE-625)rvk/136072:
|
| 084 |
|
|
|a 86.72
|2 bkl
|
| 084 |
|
|
|a 86.35
|2 bkl
|
| 084 |
|
|
|a 86.29
|2 bkl
|
| 100 |
1 |
|
|8 1\p
|a Kanski, Maria
|d 1962-
|0 (DE-588)173087299
|0 (DE-627)698010892
|0 (DE-576)133939383
|4 aut
|
| 109 |
|
|
|a Kanski, Maria 1962-
|
| 245 |
1 |
0 |
|a Zur Strafbarkeit von Submissionsabsprachen
|c von Maria Kanski
|
| 264 |
|
1 |
|a [Erscheinungsort nicht ermittelbar]
|c 1996
|
| 300 |
|
|
|a XX, 195 S
|
| 336 |
|
|
|a Text
|b txt
|2 rdacontent
|
| 337 |
|
|
|a ohne Hilfsmittel zu benutzen
|b n
|2 rdamedia
|
| 338 |
|
|
|a Band
|b nc
|2 rdacarrier
|
| 500 |
|
|
|a Literaturverz. S. II - XIII
|
| 502 |
|
|
|a Kiel, Univ., Diss., 1996
|
| 583 |
1 |
|
|a Archivierung prüfen
|c 20240324
|f DE-4165
|z 3
|2 pdager
|
| 650 |
|
7 |
|8 1.1\x
|a Preiskartell
|0 (DE-627)091383943
|0 (DE-2867)10930-5
|2 stw
|
| 650 |
|
7 |
|8 1.2\x
|a Ausschreibung
|0 (DE-627)09134901X
|0 (DE-2867)11576-6
|2 stw
|
| 650 |
|
7 |
|8 1.3\x
|a Wirtschaftsstrafrecht
|0 (DE-627)091401291
|0 (DE-2867)16202-1
|2 stw
|
| 650 |
|
7 |
|8 1.4\x
|a Deutschland
|0 (DE-627)091354749
|0 (DE-2867)18012-3
|2 stw
|
| 655 |
|
4 |
|0 (DE-206)34
|a Graue Literatur
|5 DE-206
|
| 655 |
|
7 |
|a Hochschulschrift
|0 (DE-588)4113937-9
|0 (DE-627)105825778
|0 (DE-576)209480580
|2 gnd-content
|
| 689 |
0 |
0 |
|d s
|0 (DE-588)4003822-1
|0 (DE-627)106388541
|0 (DE-576)208852883
|a Ausschreibung
|2 gnd
|
| 689 |
0 |
1 |
|d s
|0 (DE-588)4006249-1
|0 (DE-627)106378236
|0 (DE-576)208864784
|a Betrug
|2 gnd
|
| 689 |
0 |
|
|5 DE-101
|
| 751 |
|
|
|a Kiel
|0 (DE-588)4030481-4
|0 (DE-627)106269801
|0 (DE-576)208987711
|4 uvp
|
| 883 |
|
|
|8 1\p
|a cgwrk
|d 20241001
|q DE-101
|u https://d-nb.info/provenance/plan#cgwrk
|
| 935 |
|
|
|i Blocktest
|
| 935 |
|
|
|h HEB
|i 0501
|
| 935 |
|
|
|h HEB
|i 0503
|
| 936 |
r |
v |
|a PE 760
|b Einzeldarstellungen
|k Rechtswissenschaft
|k Handelsrecht, Gesellschafts- und Unternehmensrecht sowie sonstiges privates Wirtschaftsrecht
|k Wettbewerbsrecht
|k Kartellrecht, Gesetz gegen Wettbewerbsbeschränkungen (BF Kartellgesetz)
|k Einzeldarstellungen
|0 (DE-627)1271233673
|0 (DE-625)rvk/135556:
|0 (DE-576)201233673
|
| 936 |
r |
v |
|a PH 3700
|b Straftaten gegen den Wettbewerb
|k Rechtswissenschaft
|k Strafrecht, Strafverfahrensrecht, Kriminologie
|k Strafrecht
|k Straftaten gegen staatsunabhängige Gemeinschaftswerte
|k Straftaten gegen den Wettbewerb
|0 (DE-627)1271739887
|0 (DE-625)rvk/136072:
|0 (DE-576)201739887
|
| 936 |
b |
k |
|a 86.72
|j Haushaltsrecht
|j Finanzrecht
|0 (DE-627)181570009
|
| 936 |
b |
k |
|a 86.35
|j Strafrecht: Besonderer Teil
|0 (DE-627)106416731
|
| 936 |
b |
k |
|a 86.29
|j Wettbewerbsrecht
|j Kartellrecht
|0 (DE-627)10642257X
|
| 936 |
s |
n |
|a p100
|2 mzub
|
| 936 |
s |
n |
|a q100
|2 mzub
|
| 951 |
|
|
|a BO
|
| ELC |
|
|
|b 1
|
| LOK |
|
|
|0 000 xxxxxcx a22 zn 4500
|
| LOK |
|
|
|0 001 3178580425
|
| LOK |
|
|
|0 003 DE-627
|
| LOK |
|
|
|0 004 215407423
|
| LOK |
|
|
|0 005 20151116135127
|
| LOK |
|
|
|0 008 150728||||||||||||||||ger|||||||
|
| LOK |
|
|
|0 035
|a (DE-21-110)kd51601
|
| LOK |
|
|
|0 040
|a DE-21-110
|c DE-627
|d DE-21-110
|
| LOK |
|
|
|0 689
|a s
|a Submissionsabsprachen
|
| LOK |
|
|
|0 689
|a s
|a Ausschreibungsbetrug
|
| LOK |
|
|
|0 689
|a s
|a Korruption
|
| LOK |
|
|
|0 852
|z Kein Bestand am IfK; Nachweis für KrimDok
|
| LOK |
|
|
|0 852
|a DE-21-110
|
| LOK |
|
|
|0 852 1
|9 00
|
| LOK |
|
|
|0 935
|a k110
|
| LOK |
|
|
|0 939
|a 28-07-15
|b l01
|
| ORI |
|
|
|a SA-MARC-krimdoka001.raw
|